Statistics for Turkish Super League Champions of the last 10 seasons

Click here to take the quiz!

General Stats

  • This quiz has been taken 132 times
  • The average score is 11 of 11

Answer Stats

Hint1.2.3.% Correct
13/14FenerbahçeGalatasarayBeşiktaş
100%
16/17BeşiktaşBaşakşehirFenerbahçe
99%
20/21BeşiktaşGalatasarayFenerbahçe
99%
15/16BeşiktaşFenerbahçeKonyaspor
99%
22/23GalatasarayFenerbahçeBeşiktaş
99%
18/19GalatasarayBaşakşehirBeşiktaş
99%
17/18GalatasarayBeşiktaşBaşakşehir
99%
14/15GalatasarayFenerbahçeBeşiktaş
99%
12/13GalatasarayFenerbahçeBeşiktaş
99%
21/22TrabzonsporFenerbahçeKonyaspor
97%
19/20BaşakşehirTrabzonsporBeşiktaş
93%

Score Distribution

Percentile by Number Answered

Percent of People with Each Score

Your Score History

You have not taken this quiz